[Event "London WFW"]
[Site "London"]
[Date "1991.??.??"]
[Round "?"]
[White "Conquest, Stuart"]
[Black "Hodgson, Julian M"]
[Result "1-0"]
[WhiteElo "2460"]
[BlackElo "2545"]

1.d4 d6 2.e4 Nf6 3.Nc3 Nbd7 4.f4 e5 5.Nf3 Be7 6.dxe5 dxe5 7.fxe5 Ng4 8.Bf4 Bc5
9.Bg5 Be7 10.Bf4 Bc5 11.Bc4 O-O 12.Qe2 Qe8 13.O-O-O Ngxe5 14.Bb3 a6 15.Rhf1 Bd6
16.Kb1 Kh8 17.h3 f6 18.g4 Nc5 19.Bd5 c6 20.Bb3 Bc7 21.Be3 Nxb3 22.axb3 b6
23.Nxe5 fxe5 24.Rxf8+ Qxf8 25.Qc4 Qe8 26.Nd5 cxd5 27.Qxc7 d4 28.Bg1 Be6 29.Qxe5 Qg6
30.Rxd4 Re8 31.Rd6 Qf7 32.Bd4 a5 33.Qb5 a4 34.bxa4 Rc8 35.Bxg7+ Kg8 36.Bc3 h6
37.Rxb6 Bd7 38.Qd5  1-0

[Event "Lloyds Bank op"]
[Site "London"]
[Date "1991.??.??"]
[Round "10"]
[White "Suetin, Alexey S"]
[Black "Hodgson, Julian M"]
[Result "1/2-1/2"]
[WhiteElo "2405"]
[BlackElo "2570"]

1.e4 d6 2.d4 Nf6 3.Nc3 c6 4.f4 Qa5 5.e5 Ne4 6.Bd3 Nxc3 7.Qd2 g6 8.bxc3 dxe5
9.fxe5 Bh6 10.Qxh6 Qxc3+ 11.Ke2 Qxa1 12.Qg7 Rf8 13.Nf3 Qxa2 14.Bh6 Nd7 15.Re1 b6
16.Kf2 Bb7 17.e6 fxe6 18.Qxh7 Rxf3+ 19.gxf3 O-O-O 20.Qxe7 Qd5 21.Rxe6 Qxd4+
22.Be3 Qh8 23.Bf4 Qd4+ 24.Be3 Qh8 25.Bf4 Qd4+  1/2-1/2

[Event "USA-op Los Angeles"]
[Site "Los Angeles"]
[Date "1991.??.??"]
[Round "?"]
[White "Kudrin, Sergey"]
[Black "Terrie, Henry L"]
[Result "1-0"]
[WhiteElo "2530"]
[BlackElo "2245"]

1.e4 d6 2.d4 Nf6 3.Nc3 c6 4.f4 Qa5 5.Bd2 Qb6 6.Nf3 Bg4 7.Na4 Bxf3 8.gxf3 Qc7
9.f5 g6 10.Bh3 Nbd7 11.Qe2 Bg7 12.c4 c5 13.d5 a6 14.Nc3 O-O 15.O-O b5 16.cxb5 c4
17.bxa6 Rfb8 18.Rab1 Rxa6 19.f4 Rab6 20.Be3 Nc5 21.e5 dxe5 22.fxe5 Nfd7 23.d6 exd6
24.Nd5 Qd8 25.Nxb6 Rxb6 26.f6 Bf8 27.Bxc5 Nxc5 28.e6 fxe6 29.Bxe6+ Kh8 30.Bd5  1-0

[Event "Malaga op"]
[Site "Malaga"]
[Date "1991.??.??"]
[Round "9"]
[White "Antunes, Antonio"]
[Black "Rivas Pastor, Manuel"]
[Result "0-1"]
[WhiteElo "2470"]
[BlackElo "2450"]

1.e4 d6 2.d4 Nf6 3.Nc3 c6 4.a4 Qc7 5.Nf3 e5 6.h3 Be7 7.Be2 Nbd7 8.O-O O-O
9.Re1 b6 10.Bf1 Re8 11.Bg5 Bb7 12.dxe5 dxe5 13.Nd2 Nc5 14.Bc4 Rad8 15.Qf3 Bc8
16.Be3 a6 17.Ne2 b5 18.axb5 cxb5 19.Ba2 Na4 20.g4 Bc5 21.Nf1 Rf8 22.g5 Ne8
23.Rab1 Be6 24.Bxe6 fxe6 25.Qg2 Bb4 26.Rec1 Nd6 27.h4 Nc4 28.b3 Nxe3 29.Nxe3 Nc3
30.Nxc3 Bxc3 31.Rd1 Bd4 32.Rd2 Rf4 33.Rbd1 Rdf8 34.Ng4 Qf7 35.c3 Qh5  0-1

[Event "Wch U20"]
[Site "Mamaia"]
[Date "1991.??.??"]
[Round "?"]
[White "Degraeve, Jean Marc"]
[Black "Bologan, Viktor"]
[Result "0-1"]
[WhiteElo "2450"]
[BlackElo "2535"]

1.e4 d6 2.d4 Nf6 3.Nc3 c6 4.f4 g6 5.Nf3 Bg7 6.Bd3 O-O 7.O-O Bg4 8.h3 Bxf3
9.Qxf3 Qb6 10.Ne2 c5 11.Be3 cxd4 12.Bxd4 Qc7 13.Bc3 Nc6 14.g4 Qb6+ 15.Kg2 Qc5
16.a3 a5 17.Bd2 a4 18.Nc3 Nd7 19.Nd5 e6 20.Nc3 Qb6 21.Rab1 Nc5 22.f5 Nxd3
23.cxd3 Ne5 24.Qg3 Rfc8 25.f6 Bf8 26.Bf4 Qb3 27.Bxe5 dxe5 28.Qxe5 Rd8 29.d4 Rac8
30.d5 exd5 31.exd5 b5 32.Rf2 b4 33.axb4 Bxb4 34.Qf4  0-1

[Event "Wch U20"]
[Site "Mamaia"]
[Date "1991.??.??"]
[Round "?"]
[White "Ulibin, Mikhail"]
[Black "Bologan, Viktor"]
[Result "1-0"]
[WhiteElo "2565"]
[BlackElo "2535"]

1.d4 d6 2.e4 Nf6 3.Nc3 c6 4.f4 g6 5.Nf3 Bg7 6.Bd3 O-O 7.O-O Bg4 8.h3 Bxf3
9.Qxf3 Qb6 10.Ne2 c5 11.c3 cxd4 12.cxd4 e5 13.Be3 exf4 14.Qxf4 Na6 15.a3 Rae8
16.b4 Nc7 17.Qf3 d5 18.e5 Nd7 19.Nf4 Nb8 20.Kh1 Nc6 21.Nh5 Ne6 22.Nf6+ Bxf6
23.Qxf6 Rc8 24.Rad1 Qd8 25.Qf2 Qe7 26.b5 Na5 27.Bd2 Qxa3 28.Bh6 Qb4 29.Qf6 Nb3
30.Bf5 gxf5 31.Rxf5  1-0

[Event "Wch U20"]
[Site "Mamaia"]
[Date "1991.??.??"]
[Round "?"]
[White "Stefansson, Hannes"]
[Black "Seres, Lajos"]
[Result "0-1"]
[WhiteElo "2470"]
[BlackElo "2305"]

1.e4 d6 2.d4 Nf6 3.Nc3 c6 4.Nf3 Bg4 5.Be2 e6 6.h3 Bh5 7.Be3 Be7 8.Nd2 Bxe2
9.Qxe2 O-O 10.f4 d5 11.O-O-O Nxe4 12.Ndxe4 dxe4 13.Nxe4 Qa5 14.Kb1 Nd7 15.h4 Nf6
16.Nxf6+ Bxf6 17.g4 Rad8 18.h5 c5 19.g5 Bxd4 20.Bd2 Qa6 21.Qxa6 bxa6 22.c3 Bf2
23.Rhf1 Bg3 24.Be3 c4 25.Kc2 e5 26.f5 e4 27.Bxa7 Rd3 28.b3 Be5 29.Bd4 Bxd4
30.cxd4 Rc8 31.Kb2 e3 32.Rfe1 e2 33.Rc1 c3+ 34.Kb1 Rd2 35.g6 hxg6 36.hxg6 fxg6
37.fxg6 Kf8 38.Ka1 Ke7 39.Rg1 Kd6 40.Kb1  0-1

[Event "AUS-ch"]
[Site "Melbourne"]
[Date "1991.??.??"]
[Round "11"]
[White "West, Guy"]
[Black "Sarapu, Ortvin"]
[Result "1/2-1/2"]
[WhiteElo "2445"]
[BlackElo "2360"]

1.d4 d6 2.e4 Nf6 3.Nc3 Nbd7 4.Nf3 e5 5.g3 Be7 6.Bg2 c6 7.a4 O-O 8.O-O Re8
9.h3 Bf8 10.Re1 Qc7 11.b3 b6 12.Bb2 Bb7 13.Qd2 Rad8 14.Rad1 a6 15.Nh2 b5
16.Ng4 b4 17.Na2 c5 18.d5 Bc8 19.c3 a5 20.c4 Nxg4 21.hxg4 g6 22.Nc1 Bg7 23.Nd3 Rf8
24.Qe2 g5 25.f3 f6 26.Kf2 Rf7 27.Ke3 Nf8 28.Rh1 Qe7 29.Nf2 Bd7 30.Kd3 Rb8
31.Rh5 Qe8 32.Ra1 Rb7 33.Nd1 Ng6 34.Ne3 Bf8 35.Nf5 Qb8 36.Qc2 Ne7 37.Ne3 Nc8
38.Bc1 Nb6 39.Bd2 Qe8 40.Qb1 h6 41.Qh1 Rh7 42.Qh2 Qg6 43.Bf1 Bc8 44.Be2 Qe8
45.Nf5 Bxf5 46.gxf5 Rbe7 47.Rh1 Nd7 48.Qf2 Bg7 49.Bf1 Rh8 50.Qe2 Qf8 51.Bh3 Qe8
52.Bg4 Nf8 53.R5h2 Qd8 54.Bh5 Rb7 55.Qg2 Qe7 56.Qh3 Rc7 57.Bc1 Ra7 58.Bb2 Ra8
59.Kc2 Rd8 60.Kb1 Rb8 61.Ka2 Rb7 62.Qg4 Rb8 63.Qh3 Rd8 64.Qf1 Rb8 65.Qd3 Rd8
66.Rf2 Rb8 67.Rhf1 Nd7 68.Qe2 Rf8 69.Bg6 Rd8 70.f4 Rf8 71.Rf3 Rd8 72.Bh5 Rf8
73.Qf2 Qd8 74.Qg2 Qe7 75.Qh3 Rd8 76.Bg4 Qe8 77.Bh5 Qe7 78.R1f2 Rf8 79.Bg6 Rd8
80.fxg5 hxg5 81.Qg4 Nf8 82.Bh5 Rd7 83.Bc1 Bh6 84.Rh2 Qd8 85.Rf1 Rdh7 86.Bg6 Rg7
87.Rfh1 Nxg6 88.Rxh6 Rxh6 89.Rxh6 Nf8 90.Qh5 Nh7 91.Kb2 Qe7 92.Kc2 Qf7 93.Qh2 Kf8
94.Be3 Ke8 95.Qf2 Qe7 96.Kd3 Kd7 97.Ke2 Kc7 98.Kf3 Kb6 99.Kg4 Nf8 100.Qh2 Kc7
101.Rh8 Kd7 102.Qh6 Qf7 103.Qh5 Qxh5+ 104.Kxh5 Ke7 105.Kh6 Kf7  1/2-1/2

[Event "Miedzybrodzie op"]
[Site "Miedzybrodzie"]
[Date "1991.??.??"]
[Round "4"]
[White "Pedzich, Dominik"]
[Black "Nesterov, Jakov"]
[Result "1/2-1/2"]
[WhiteElo "2400"]
[BlackElo "2365"]

1.e4 d6 2.d4 Nf6 3.Nc3 e5 4.dxe5 dxe5 5.Qxd8+ Kxd8 6.Bg5 Be6 7.O-O-O+ Nd7
8.f4 exf4 9.Nf3 h6 10.Bxf4 Bc5 11.Be2 Ng4 12.Ne5 Nxe5 13.Bxe5 f6 14.Bf4 c6
15.Rd3 Kc8 16.Na4 Be7 17.Bd6 Bxd6 18.Rxd6 Re8 19.Bh5 Re7 20.Rxe6 Rxe6 21.Bg4 Rd6
22.Nc5 Kc7 23.Nxd7 h5 24.Bh3 Rxd7 25.Bxd7 Kxd7 26.Rd1+ Ke6 27.Rd4 Rh8 28.Kd2 h4
29.Ke3 Rh5 30.Ra4 Rb5 31.b3 Rc5 32.Rxa7 Rxc2 33.Kf3 g5 34.Rxb7 Rxa2 35.h3 Rc2
36.Rb8 Rc3+ 37.Kf2 Ke5 38.Re8+ Kf4 39.Re6 Rc2+ 40.Kg1 Kg3 41.Rxf6 Rxg2+ 42.Kf1 Kxh3
43.e5 Rb2 44.e6 Rxb3 45.e7 Re3 46.Rf3+ Rxf3+ 47.Ke2 Kg2 48.e8=Q Rf2+ 49.Ke3 Rf3+
50.Ke2 Rf2+  1/2-1/2

[Event "POL-chT"]
[Site "Mikolajki"]
[Date "1991.??.??"]
[Round "1"]
[White "Liberus, Marek"]
[Black "Przybek, Tomasz"]
[Result "1-0"]
[WhiteElo "2225"]
[BlackElo "2210"]

1.e4 d6 2.d4 Nf6 3.Nc3 c6 4.Nf3 Qc7 5.e5 Nd5 6.Bd3 Bg4 7.exd6 Qxd6 8.Ne4 Qc7
9.O-O e6 10.h3 Bxf3 11.Qxf3 Nd7 12.c4 N5f6 13.Bf4 Qb6 14.c5 Qxb2 15.Rab1 Qxd4
16.Rxb7 Qd5 17.Bd6 Nxc5 18.Bxc5 Bxc5 19.Nxf6+ gxf6 20.Qxf6 O-O 21.Rd1 Qh5
22.Bc2 Qe2 23.Qg5+  1-0

[Event "POL-chT"]
[Site "Mikolajki"]
[Date "1991.??.??"]
[Round "1"]
[White "Lukasiewicz, Grzegorz"]
[Black "Agrest, Evgenij"]
[Result "1/2-1/2"]
[WhiteElo "2315"]
[BlackElo "2475"]

1.d4 d6 2.e4 Nf6 3.Nc3 c6 4.f3 b5 5.Be3 Nbd7 6.a4 b4 7.Nb1 g6 8.Nd2 Bg7 9.a5 O-O
10.Bd3 e5 11.Ne2 d5 12.O-O exd4 13.Nxd4 c5 14.Nc6 Qe8 15.Bb5 d4 16.Bf4 Qe6
17.a6 Nb6 18.Na5 Bd7 19.Bd3 Nh5 20.Bg5 h6 21.Bh4 Nf4 22.Bg3 Nxd3 23.cxd3 Bb5
24.Nb7 Rfc8 25.Nd6 Bxd3 26.Nxc8 Qxc8 27.Re1 Bxa6 28.Bd6 Bb5 29.e5 Nd5 30.Rc1 Ne3
31.Qb3 c4 32.Qxb4 a6 33.Ne4 Qe6 34.Qc5 Nf5 35.g4 Nxd6 36.Nxd6 d3 37.Re4 Bf8
38.Rd4 Rd8 39.h3 f6 40.f4 Bxd6 41.Rxd6 Rxd6 42.Qxd6 Qxd6 43.exd6 Kf7 44.d7 Ke7
45.Kf2 Kxd7 46.Ke3 Kd6 47.Kd4  1/2-1/2

[Event "POL-chT"]
[Site "Mikolajki"]
[Date "1991.??.??"]
[Round "2"]
[White "Janocha, Wieslaw"]
[Black "Latas, Boguslaw"]
[Result "1/2-1/2"]
[WhiteElo "2355"]
[BlackElo "2265"]

1.e4 d6 2.d4 Nf6 3.Nc3 c6 4.f4 Qa5 5.e5 Ne4 6.Qf3 Nxc3 7.Bd2 dxe5 8.fxe5 e6
9.bxc3 c5 10.Bc4 Nc6 11.Ne2 Qc7 12.O-O b6 13.Bg5 h6 14.Bh4 g5 15.Bg3 cxd4
16.cxd4 Bb7 17.d5 exd5 18.e6 Bc5+ 19.Kh1 Qe7 20.Bxd5 Rc8 21.Qh5 Nd8 22.Rxf7 Nxf7
23.Qxf7+ Qxf7 24.exf7+ Ke7 25.Bxb7 Rcd8 26.c4 Rd2 27.Nc3 Bd4 28.Re1+ Kxf7
29.Nb5 Bc5 30.Bd5+ Kg6 31.Nxa7 Rf8 32.h4 Rxa2 33.Nb5 g4 34.Nc3 Ra3 35.Ne4 Re3
36.Rb1 Bd4 37.Kh2 h5 38.Bc7 Re8 39.Ng3 Re1 40.Rxe1 Rxe1 41.Ne4 Kf5 42.Nd6+ Kf6
43.Kg3 Rf1 44.Nc8 b5 45.cxb5 Bf2+ 46.Kh2 Bg1+  1/2-1/2

[Event "POL-chT"]
[Site "Mikolajki"]
[Date "1991.??.??"]
[Round "6"]
[White "Weglarz, Leszek"]
[Black "Liberus, Marek"]
[Result "1-0"]
[WhiteElo "2360"]
[BlackElo "2225"]

1.d4 d6 2.e4 Nf6 3.Nc3 c6 4.Nf3 Bg4 5.Be2 e6 6.O-O d5 7.Ne5 Bxe2 8.Qxe2 dxe4
9.Nxe4 Nxe4 10.Qxe4 Be7 11.c4 Nd7 12.Be3 Nf6 13.Qf3 O-O 14.Rfd1 Qa5 15.a3 Rad8
16.b4 Qa4 17.b5 Nd7 18.Nxd7 Rxd7 19.bxc6 bxc6 20.c5 Rfd8 21.Rdb1 Bf6 22.Rb4 Qa6
23.Rab1 h6 24.h3 Kh7 25.Qd1 g6 26.Ra4 Qc8 27.Qf3 Bg7 28.h4 f5 29.g3 Rb7 30.Re1 Rb3
31.Rxa7 Rd7 32.Rxd7 Qxd7 33.Qf4 Rxa3 34.Qd6 Ra7 35.Bf4 Bxd4 36.Rxe6 Qxd6
37.Rxd6 Bxc5 38.Rxc6 Be7 39.Be5 Rb7 40.Rc8 g5 41.h5  1-0

[Event "POL-chT"]
[Site "Mikolajki"]
[Date "1991.??.??"]
[Round "6"]
[White "Pisulinski, Jan"]
[Black "Agrest, Evgenij"]
[Result "0-1"]
[WhiteElo "2385"]
[BlackElo "2475"]

1.d4 d6 2.e4 Nf6 3.Nc3 c6 4.Be3 b5 5.f3 Nbd7 6.Qd2 Nb6 7.b3 Qc7 8.Bd3 e5
9.Nge2 Be7 10.O-O O-O 11.Nd1 Rd8 12.Nf2 c5 13.c3 c4 14.Bc2 a5 15.f4 Bb7 16.Qe1 Nbd7
17.g4 h6 18.g5 hxg5 19.fxg5 Nh7 20.h4 cxb3 21.Bxb3 a4 22.Bxf7+ Kxf7 23.g6+ Kg8
24.gxh7+ Kh8 25.Nh3 Bxe4 26.Qg3 Nf6 27.Ng5 Qc4 28.Rae1 Bb7 29.Qh3 Rf8 30.Ng3 Bc8
31.Qg2 Qd5 32.Qc2 Bb7 33.dxe5 Nh5 34.N5e4 Nxg3 35.Nxg3 Bxh4  0-1

[Event "POL-chT"]
[Site "Mikolajki"]
[Date "1991.??.??"]
[Round "7"]
[White "Stypka, Mieczyslaw"]
[Black "Latas, Boguslaw"]
[Result "1-0"]
[WhiteElo "2270"]
[BlackElo "2265"]

1.e4 d6 2.d4 Nf6 3.Nc3 c6 4.Nf3 Bg4 5.Be2 e6 6.O-O Be7 7.Re1 d5 8.h3 Bh5
9.Ne5 Bg6 10.exd5 cxd5 11.Bb5+ Kf8 12.Bg5 a6 13.Ba4 Bh5 14.Qd3 Ng8 15.Bd2 Bd6
16.g4 Bg6 17.Qf3 b5 18.Bb3 Ra7 19.Nxg6+ hxg6 20.Rxe6 Nf6 21.Ree1 Nc6 22.Be3 Bb4
23.a4 Rd7 24.axb5 axb5 25.Ra6 Na5 26.Ra1 Nxb3 27.cxb3 Ke7 28.Bg5 Re8 29.Rxf6  1-0

[Event "Mittelfranken-ch"]
[Site "Mittelfranken"]
[Date "1991.??.??"]
[Round "?"]
[White "Fischer, G."]
[Black "Noble, Alexander"]
[Result "1/2-1/2"]
[WhiteElo "2190"]
[BlackElo "2045"]

1.e4 d6 2.d4 Nf6 3.Nc3 c6 4.f4 Qa5 5.Qd2 b5 6.e5 b4 7.exf6 bxc3 8.bxc3 gxf6
9.c4 Qxd2+ 10.Bxd2 Bf5 11.Bd3 Bxd3 12.cxd3 f5 13.Nf3 Bg7 14.Rb1 Bf6 15.Rb7 O-O
16.Rc7 c5 17.dxc5 Na6 18.cxd6 Nxc7 19.dxc7 a5 20.Be3 Ra6 21.Bd4 Rc8 22.Kd2 Rxc7
23.Rb1 Kg7 24.a4 Bxd4 25.Nxd4  1/2-1/2

[Event "FRA-ch Acc"]
[Site "Montpellier"]
[Date "1991.??.??"]
[Round "1"]
[White "Denoyelle, Arnaud"]
[Black "Zawadski, Stephane"]
[Result "0-1"]
[WhiteElo "1830"]
[BlackElo "2225"]

1.e4 d6 2.d4 Nf6 3.Nc3 c6 4.Bg5 Nbd7 5.Qd2 e5 6.Nf3 Be7 7.a4 O-O 8.Bc4 exd4
9.Nxd4 Nxe4 10.Nxe4 d5 11.Nf5 Bxg5 12.Nxg5 dxc4 13.Nf3 Re8+ 14.Ne3 Qf6 15.O-O Re4
16.Rfe1 Nf8 17.Qb4 a5 18.Qb6 Ne6 19.Nd2 Rd4 20.Ndxc4 h6 21.c3 Rf4 22.Rad1 Ra6
23.Qb3 Nc5 24.Qc2 Be6 25.f3 Ra8 26.Rd6 Qg5 27.Nb6 Rf8 28.Qe2 Nxa4 29.Nxa4 Rxa4
30.Nc2 Qc5+ 31.Rd4 Rxd4 32.Nxd4 Bd7 33.Kh1 Re8 34.Qd2 Rxe1+ 35.Qxe1 Qd6 36.Qe2 c5
37.Nc2 Bb5 38.Qe1 Qd3 39.Ne3 a4 40.h3 h5 41.Kh2 g6 42.Qc1 Bc6 43.Nc2 Qe2
44.Ne1 Kg7 45.Kg1 b5 46.Nc2 Qd3 47.Kf2 Bd5 48.Ne3 Bb3 49.g4 hxg4 50.hxg4 b4
51.cxb4 cxb4 52.f4 Qd4 53.f5 Qf4+ 54.Ke2 Bd5 55.fxg6 Kxg6 56.Qg1 Bf3+ 57.Kd2 Qd4+
58.Kc1 a3  0-1

[Event "FRA-ch Acc"]
[Site "Montpellier"]
[Date "1991.??.??"]
[Round "3"]
[White "Guadalpi, David"]
[Black "Touzane, Olivier"]
[Result "1/2-1/2"]
[WhiteElo "2295"]
[BlackElo "2250"]

1.e4 d6 2.d4 Nf6 3.Nc3 c6 4.a4 g6 5.h3 Bg7 6.Nf3 O-O 7.Be3 Qa5 8.Qd2 e5 9.Be2 Re8
10.O-O Nbd7 11.dxe5 dxe5 12.Bc4 Nb6 13.Bb3 Be6 14.Bxe6 Rxe6 15.Nd5 Qxd2 16.Nxf6+ Bxf6
17.Nxd2 Be7 18.Rfd1 f5 19.a5 Nc8 20.Nb3  1/2-1/2

[Event "Russian Winter op"]
[Site "Moscow"]
[Date "1991.??.??"]
[Round "?"]
[White "Kozakov, Mikhail"]
[Black "Shabanov, Yuri"]
[Result "0-1"]
[WhiteElo "2270"]
[BlackElo "2410"]

1.e4 d6 2.d4 Nf6 3.Nc3 e5 4.dxe5 dxe5 5.Qxd8+ Kxd8 6.Bg5 c6 7.Bc4 Ke8 8.O-O-O Be7
9.Nge2 Ng4 10.Bxe7 Kxe7 11.Rdf1 Nd7 12.Nd1 Nc5 13.f3 Nf6 14.b4 Be6 15.Ne3 Ncd7
16.Rd1 a5 17.Bxe6 fxe6 18.a3 axb4 19.axb4 Ra4 20.c3 Ra2 21.Nc2 Nb6 22.Kb1 Rha8
23.Nc1 R2a7 24.Kb2 Nc4+ 25.Kb3 b5 26.Nd3 Ra2 27.Rhe1 Nd7 28.g3 c5 29.f4 Nd2+  0-1

[Event "Moscow7 op"]
[Site "Moscow"]
[Date "1991.??.??"]
[Round "?"]
[White "Sokolov, Andrei"]
[Black "Yanvarjov, Igor"]
[Result "1-0"]
[WhiteElo "2550"]
[BlackElo "2385"]

1.e4 d6 2.d4 Nf6 3.Nc3 e5 4.Nf3 Be7 5.Bc4 Nbd7 6.O-O O-O 7.a4 c6 8.Ba2 b6
9.Re1 a6 10.Bg5 h6 11.Bh4 Nh5 12.Bxe7 Qxe7 13.g3 Kh7 14.Qd3 Ndf6 15.Nd1 Bg4
16.Ne3 Bxf3 17.Nf5 Bxe4 18.Nxe7 Bxd3 19.cxd3 exd4 20.Nxc6 d5 21.Re7 b5 22.a5 g6
23.Nxd4 Ng7 24.Rc1 Nf5 25.Nxf5 gxf5 26.Kg2 Kg7 27.Rcc7 Rae8 28.Rxe8 Rxe8
29.Kf1 Re6 30.b4 Rd6 31.Bb3 Nd7 32.Ke2 Kf6 33.Ke3 Nf8 34.Rc5 d4+ 35.Kd2 Ne6
36.Rc8 f4 37.Bd1 Ke5 38.Bf3 f5 39.Bb7 fxg3 40.hxg3 f4 41.Rc6 Rxc6 42.Bxc6 fxg3
43.fxg3 Nd8 44.Bd7 Kd6 45.Bc8 Nc6 46.Bxa6 Nxb4 47.Bxb5 Kc5 48.a6 Kb6 49.Ke2 Nd5
50.Bc4 Nc3+ 51.Kf3 Ka7 52.Kg4 Ne2 53.Kf3 Nc3 54.g4 Kb6 55.Kf4 Nd1 56.Be6 Nf2
57.Bf5 Kxa6 58.Ke5 Kb6 59.Kxd4 Kc7 60.Ke5 Nh3 61.d4 Ng5 62.d5 Nf3+ 63.Ke6 Nd4+
64.Ke7 Nb5 65.Be6 Nd6 66.Kf6 Kd8 67.Kg6 Ke7 68.Kxh6 Ne8 69.g5  1-0

[Event "Russian Winter op"]
[Site "Moscow"]
[Date "1991.??.??"]
[Round "?"]
[White "Rodin, Mihail"]
[Black "Zvjaginsev, Vadim"]
[Result "1/2-1/2"]
[WhiteElo "2355"]
[BlackElo "2405"]

1.e4 d6 2.d4 Nf6 3.Nc3 e5 4.Nf3 Nbd7 5.Bc4 Be7 6.O-O O-O 7.Re1 c6 8.a4 Qc7
9.b3 Ng4 10.Ng5 Nb6 11.Bxf7+ Kh8 12.Ne6 Bxe6 13.Bxe6 Nxf2 14.Qh5 g6 15.Qh6 exd4
16.Ne2 Bf6 17.a5 Bg7 18.Qh4 Nd7 19.Nf4 Rxf4 20.Bxf4 Nc5 21.Bc4 Ncxe4 22.Bd3 Bf6
23.Qh6 Bg7 24.Qh4 Bf6  1/2-1/2

[Event "Moscow6"]
[Site "Moscow"]
[Date "1991.??.??"]
[Round "?"]
[White "Brodsky, Michail"]
[Black "Shabanov, Yuri"]
[Result "1/2-1/2"]
[WhiteElo "2415"]
[BlackElo "2425"]

1.e4 d6 2.d4 Nf6 3.Nc3 e5 4.dxe5 dxe5 5.Qxd8+ Kxd8 6.Bg5 Be6 7.O-O-O+ Nd7
8.f4 exf4 9.Nf3 Bc5 10.Bxf4 Ng4 11.Rd2 Be3 12.Bxe3 Nxe3 13.Bb5 c6 14.Re1 Ng4
15.Bf1 Kc7 16.e5 Rad8 17.h3 Nh6 18.g4 Nc5 19.Bg2 Ng8 20.Nd4 Ne7 21.b4 Nd7
22.b5 Nc5 23.bxc6 bxc6 24.Red1 a6 25.Ne4 Nxe4 26.Nxe6+ fxe6 27.Bxe4 Nd5 28.Rf1 Rhf8
29.Rxf8 Rxf8 30.c4 Nc3 31.Bxh7 Rh8 32.Bg6 Rxh3 33.Rd6 Rg3 34.Bh5 g6 35.Bxg6 Rxg4
36.Rxe6 Rxc4 37.Re7+ Kb6 38.Kb2 Nd5  1/2-1/2

[Event "Moscow7 op"]
[Site "Moscow"]
[Date "1991.??.??"]
[Round "?"]
[White "Janovsky, Sergey"]
[Black "Yanvarjov, Igor"]
[Result "1/2-1/2"]
[WhiteElo "2425"]
[BlackElo "2385"]

1.e4 d6 2.d4 Nf6 3.Nc3 e5 4.Nf3 Nbd7 5.Bc4 Be7 6.O-O O-O 7.Re1 c6 8.a4 exd4
9.Nxd4 d5 10.exd5 Nb6 11.Bd3 Nbxd5 12.Nxd5 Nxd5 13.c3 Bf6 14.Nc2 Be6 15.Qf3 Qd7
16.h3 Rad8 17.Rd1 Qc7 18.a5 Rd7 19.Qe4 g6 20.Nd4 Re8 21.Bh6 Qd8 22.Nxe6 Rxe6
23.Qf3  1/2-1/2

[Event "Moscow7 op"]
[Site "Moscow"]
[Date "1991.??.??"]
[Round "?"]
[White "Vorotnikov, Vladislav V"]
[Black "Zvjaginsev, Vadim"]
[Result "1-0"]
[WhiteElo "2415"]
[BlackElo "2400"]

1.d4 d6 2.e4 Nf6 3.Nc3 Nbd7 4.Nf3 e5 5.Be2 c6 6.a4 exd4 7.Nxd4 g6 8.Bf4 Nc5
9.Bf3 Be7 10.a5 O-O 11.O-O Nfd7 12.b4 Na6 13.b5 Nb4 14.Be2 Bf6 15.bxc6 Nxc6
16.Nxc6 bxc6 17.Ra3 Ne5 18.Bh6 Re8 19.f4 Nd7 20.Qxd6 Be7 21.Qxc6 Bxa3 22.Qxa8 Qxa5
23.Nd5 Qc5+ 24.Kh1 Qxc2 25.Bb5 Qb2 26.Nc7 Bf8 27.Bxd7  1-0

[Event "Russian Winter op"]
[Site "Moscow"]
[Date "1991.??.??"]
[Round "?"]
[White "Muratov, Vladimir A"]
[Black "Guseinov, Aidyn"]
[Result "1-0"]
[WhiteElo "2410"]
[BlackElo "2375"]

1.d4 Nf6 2.Nc3 d6 3.e4 Nbd7 4.f4 c6 5.e5 Nd5 6.Nxd5 cxd5 7.Nf3 Nb8 8.Bd3 g6
9.O-O Nc6 10.c3 Bg7 11.Ng5 h6 12.Nf3 Be6 13.Nh4 dxe5 14.fxe5 Qd7 15.Bd2 O-O-O
16.Qe2 Kb8 17.Rae1 Qc7 18.g3 Ka8 19.Ng2 Qb6 20.Be3 h5 21.Qd2 Rc8 22.Nf4 Nd8
23.Qg2 h4 24.g4 h3 25.Qe2 Rh4 26.Kh1 Bxg4 27.Qf2 g5 28.Bc1 Qc6  1-0

[Event "Russian Winter op"]
[Site "Moscow"]
[Date "1991.??.??"]
[Round "?"]
[White "Yagupov, Igor"]
[Black "Zvjaginsev, Vadim"]
[Result "1/2-1/2"]
[WhiteElo "2405"]
[BlackElo "2405"]

1.e4 d6 2.d4 Nf6 3.Nc3 e5 4.Nf3 Nbd7 5.Bc4 Be7 6.O-O O-O 7.h3 c6 8.a4 Qc7
9.Re1 b6 10.d5 Bb7 11.Bg5 cxd5 12.Bxd5 Bxd5 13.Nxd5 Nxd5 14.Qxd5 Bxg5 15.Nxg5 h6
16.Nf3 Qxc2 17.Qxd6 Nc5 18.Nxe5 Nxe4 19.Qd4 Nc5 20.Ra3 Rad8 21.Qg4 Qd2 22.Rae3 Rd4
23.Qf5 Rd5 24.Qf3 Rxe5 25.Rxe5 Nd3 26.Qe3 Qxe1+ 27.Qxe1 Nxe1 28.Rxe1 Rd8
29.Re7 Rd2 30.b4 Rd4 31.a5 Rxb4 32.a6 Ra4 33.Rxa7 Ra1+ 34.Kh2 b5  1/2-1/2

[Event "Moscow5-B"]
[Site "Moscow"]
[Date "1991.??.??"]
[Round "?"]
[White "Kalegin, Evgenij"]
[Black "Yanvarjov, Igor"]
[Result "1-0"]
[WhiteElo "2390"]
[BlackElo "2395"]

1.e4 d6 2.d4 Nf6 3.Nc3 e5 4.Nf3 Nbd7 5.Bc4 Be7 6.O-O O-O 7.a4 c6 8.Qe2 exd4
9.Nxd4 Re8 10.Ba2 Bf8 11.Qf3 Ne5 12.Qd1 a5 13.h3 Qb6 14.Kh1 Ng6 15.Qd3 Ne5
16.Qd1 h6 17.f4 Ned7 18.Re1 d5 19.e5 Bb4 20.Nf5 Nxe5 21.fxe5 Bxf5 22.exf6 Bxc2
23.Qd2 g5 24.Rf1 Bg6 25.Qd1 d4 26.Bb1 d3 27.Bd2 Qd4 28.Qf3 Re5 29.Ba2 Rae8
30.Qg4 Qxg4 31.hxg4 Re2 32.Rad1 Bd6 33.Bc1 Bg3 34.Bc4 Rf2 35.Kg1 Rxf1+ 36.Kxf1 Rd8
37.Be3 Be5 38.Ke1 Bxf6 39.Bb6 Re8+ 40.Kd2 Bd8 41.Be3 Bc7 42.Bxd3 Rd8 43.Ke2 Bxd3+
44.Rxd3 Rxd3 45.Kxd3 Kg7 46.Ke4 Kg6 47.Ne2 f6 48.b3 Bd6 49.Bb6 Bb4 50.Nd4 Be1
51.Ne6  1-0

[Event "Moscow4"]
[Site "Moscow"]
[Date "1991.??.??"]
[Round "?"]
[White "Galdunts, Sergey"]
[Black "Bebchuk, Evgeni"]
[Result "1-0"]
[WhiteElo "2470"]
[BlackElo "2335"]

1.e4 d6 2.d4 Nf6 3.Nc3 e5 4.Nge2 Be7 5.h3 O-O 6.Be3 Re8 7.d5 c6 8.g4 cxd5
9.exd5 Qa5 10.Bg2 b5 11.a4 b4 12.Nb5 a6 13.Na7 Bb7 14.c4 bxc3 15.b4 Qxb4
16.O-O Qc4 17.Nxc3 Qxc3 18.g5 Nfd7 19.Rc1 Qxe3 20.fxe3 Rxa7 21.h4 g6 22.Bh3 Bd8
23.e4 Nc5 24.Qg4 Nbd7 25.h5 Bc8 26.hxg6 hxg6 27.Qh4 Nb6 28.Bxc8 Nxc8 29.Kg2 Kf8
30.Qh8+  1-0

[Event "Moscow4"]
[Site "Moscow"]
[Date "1991.??.??"]
[Round "?"]
[White "Dreev, Alexey"]
[Black "Bebchuk, Evgeni"]
[Result "1-0"]
[WhiteElo "2625"]
[BlackElo "2335"]

1.d4 d6 2.e4 Nf6 3.Nc3 e5 4.dxe5 dxe5 5.Qxd8+ Kxd8 6.Bg5 Be6 7.O-O-O+ Kc8
8.f4 exf4 9.Nge2 Bd6 10.Bxf4 Bxf4+ 11.Nxf4 Bg4 12.Re1 Nc6 13.Nfd5 Nd7 14.Nb5 a6
15.Nbxc7 Rb8 16.h3 Bh5 17.Nf4 Kxc7 18.Nxh5 g6 19.Nf4 Nde5 20.Nd5+ Kd6 21.Rd1 Ne7
22.Ne3+ Kc5 23.Be2 h5 24.c3 Rbd8 25.Rhf1 Rxd1+ 26.Rxd1 f6 27.a4 Rf8 28.Kc2 Kc6
29.Kb3 Kc7 30.Rf1 a5 31.Nc2 b6 32.Nd4 Kb8 33.g3 Kc8 34.h4 Nd7 35.Ne6 Rf7
36.Ba6+ Kb8 37.Bb5 Nc5+ 38.Nxc5  1-0

[Event "Moscow2"]
[Site "Moscow"]
[Date "1991.??.??"]
[Round "?"]
[White "Kozlov, Vladimir N"]
[Black "Vorotnikov, Vladislav V"]
[Result "1/2-1/2"]
[WhiteElo "2360"]
[BlackElo "2430"]

1.d4 d6 2.e4 Nf6 3.Nc3 e5 4.Nf3 exd4 5.Nxd4 Be7 6.Be2 O-O 7.O-O Re8 8.Qd3 Na6
9.Qg3 Nc5 10.Bf3 Bf8 11.Nf5 Bxf5 12.exf5 Qd7 13.Qh3 d5 14.g4  1/2-1/2

[Event "Moscow5"]
[Site "Moscow"]
[Date "1991.??.??"]
[Round "?"]
[White "Glek, Igor V"]
[Black "Bologan, Viktor"]
[Result "0-1"]
[WhiteElo "2530"]
[BlackElo "2535"]

1.e4 d6 2.d4 Nf6 3.Nc3 e5 4.Nf3 Nbd7 5.Bc4 Be7 6.O-O O-O 7.Qe2 c6 8.a4 exd4
9.Nxd4 Re8 10.Ba2 Bf8 11.Qf3 Ne5 12.Qd1 a5 13.Re1 Qb6 14.Bg5 Qxb2 15.Qd2 Qb4
16.Rab1 Qc5 17.Bxf6 gxf6 18.Nce2 Ng6 19.Ng3 Qg5 20.Re3 h5 21.Qd1 h4 22.Ngf5 d5
23.Nf3 Qf4 24.N3xh4 Rxe4 25.Nxg6 Qxf5 26.Rxe4 Qxe4 27.Nxf8 Kxf8 28.Qd2 Kg7
29.Re1 Qxa4 30.c4 Qb4 31.Qe3 Bf5 32.cxd5 cxd5 33.Bxd5 Rd8 34.Ba2 Rd3 35.Qc1 Rd2
36.Bc4 Rc2  0-1

[Event "Muenster op"]
[Site "Muenster"]
[Date "1991.??.??"]
[Round "6"]
[White "Kruszynski, Wlodzimierz"]
[Black "Vokac, Marek"]
[Result "1/2-1/2"]
[WhiteElo "2345"]
[BlackElo "2455"]

1.e4 d6 2.d4 Nf6 3.Nc3 c6 4.Nf3 Bg4 5.Be2 e6 6.Bg5 Be7 7.Qd2 h6 8.Bf4 d5
9.exd5 Bxf3 10.Bxf3 cxd5 11.Nb5 Na6 12.O-O O-O 13.c4 Qd7 14.b3 Rfd8 15.Qe2 Nb4
16.c5 a6 17.Nc3 Nh7 18.Na4 Nc6 19.Rad1 Qe8 20.Nb6 Nxd4 21.Rxd4 Bxc5 22.Nxa8 Bxd4
23.Nc7 Qc6 24.Rc1 Qb6 25.Be3 Ng5 26.Bxd4 Qxd4 27.Qe3 Nxf3+ 28.gxf3 Qf6 29.f4 Qb2
30.Qc3 Qxc3 31.Rxc3 d4 32.Rd3 Kf8 33.b4 Rc8 34.Nxa6 bxa6 35.Rxd4 Ke7 36.Kg2 Rc3
37.a4 Ra3 38.a5 Rc3 39.f3 Rc2+ 40.Kg3 h5 41.b5 axb5 42.Rb4 h4+ 43.Kxh4 Rxh2+
44.Kg3 Ra2 45.Rxb5 Kf6 46.Rc5 Kg6 47.Rg5+ Kh6 48.Rb5 Ra4 49.Rc5 Kg6 50.Rg5+ Kf6
51.Rb5 g6 52.Rc5 Kg7 53.Rb5 Ra2 54.Rc5 Kf6 55.Rb5 Rc2 56.Kh3 Rc6 57.Kg4 Kg7
58.Kg3 Kh6 59.Kg4 Rc2 60.Kg3 Rc4 61.Re5 Kg7 62.Rb5 Ra4 63.Rc5 Rb4 64.Kg4 Rb3
65.Kg3 Rb2 66.Re5 Kf6 67.Rc5 Ra2 68.Rb5 Kg7  1/2-1/2